000 00578nam a22001817a 4500
005 20241005062524.0
999 _c18735
_d18735
008 240123b ||||| |||| 00| 0 eng d
020 _a9781984658319
082 _22022
_aDC 537.623 23
_bT413
100 _a3G E-Learning.
_933638
245 _aIntroduction to fabricating /
_c3G E-Learning.
260 _aNew York :
_b3G E-Learning LLC,
_c©2022.
300 _axiv, 309 pages :
_bcolor illustrations ;
_c25 cm.
500 _aIncludes references and index.
650 _aSuperconductors.
_951206
710 _a3G E-Learning.
_933638
942 _2ddc
_cDC